01180cam a22002895a 45000010009000000050017000090080039000260200015000650200018000800400033000980820021001312450096001522600058002483000024003065000024003305040033003546500032003876500041004196510010004606530022004707000043004929060045005359420008005809990017005889520150006059520135007551293742020170328120604.0020919s2003 enk b f001 0 eng a0192802194 a9780192802194 aDLCcDLCdDLCdEG-ScBUEbeng04222a323.044bHUM00aHuman rights, human wrongs :bthe Oxford Amnesty lectures, 2001 /cedited by Nicholas Owen. aOxford ;aNew York :bOxford University Press,c2003. ax, 358 p. ;c20 cm. aIndex : p. 349-358. aBibliography : p. [304]-348. 7aHuman rights.2BUEsh911033 0aHuman rights advocacy.2BUEsh932376 2BUEsh bBUSBOLcMarch20171 aOwen, Nicholasq(Nicholas J.)eeditor. a7bcbccorignewd1eocipf20gy-gencatlg 2ddc c24550d24522 00102ddc40708BaccahaMAINbMAINc1STd2017-03-28ePurchaseg360.00l2m2o323.044 HUMp000041507r2025-07-15 00:00:00s2024-11-21v450.00yBB 00102ddc40708BaccahaMAINbMAINc1STd2017-03-28ePurchaseg360.00l0o323.044 HUMp000041508r2025-07-15 00:00:00v450.00yBB